Australian cities multiple choice: Wodonga - Statistics

General Stats
  • This quiz has been taken 17 times
  • The average score is 9 of 15
Answer Stats
Question Answer % Correct
What is Wodonga's twin city (across the river)? Albury
83%
After the Second World War, the army camp at Bonegilla was turned into what? Bonegilla Migrant Reception and Training Centre
83%
Which river? Murray
83%
Wodonga is in which state or territory? Victoria
83%
What's in Diamond Park in the suburb of Gateway Island? A miniature railway, a radio control car circuit, and a motocross track
67%
57% of jobs in the suburb of Bandiana are in... defence
67%
Which exploring expedition brought the first Europeans to the area? Hume & Hovell 1824
67%
Which university has a campus in Wodonga? La Trobe
67%
Wodonga is the home of which performance group? Flying Fruit Fly Circus
50%
What is the name of the 'Wodonga Library Gallery', which is both a library and an art gallery? Hyphen
50%
Which item, on the roof of a shop in Wodonga, is in the Guinness Book of World Records? Largest rolling pin
50%
WAVES Wodonga Aquatic Venue and Exercise Space
50%
What's in the Butter Factory? HotHouse Theatre
33%
What is Bob Crosby Park? The middle of a roundabout
17%
In which sport do the Warriors compete? Dragon boat racing
0%
No matching quizzes found
Score Distribution
Percent of People with Each Score
Percentile by Number Answered
Your Score History
You have not taken this quiz